000 00668 a2200181 4500
003 Nust
005 20170207153538.0
040 _cNust
082 _a621.382
100 _aHamid, Saad ( MSEE-12)
245 _aCountering multipath fading in an HF communication system using multi-carrier technique
_cSaad Hamid
260 _bMCS, NUST
_cFebruary 2009
_aRawalpinid
300 _ax,62:p;
505 _aIntroduction (page-1) High frequency (page-10) Orthogonal frequency division multiplexing (page-21) System design (page-29) OFDM over HF channel (page-33) Results and comparison (page-41)
538 _aAlmirah No 69 Shelf No 2
650 _aMS Thesis
651 _aMSEE-12
942 _cTHS
999 _c188311
_d188311